000 00593nam a2200241Ia 4500
001 47700
005 20240114003841.0
007 ta
008 090506s1948 g b000 u 465 u
020 _cHB
040 _aCotton College,Assam
041 _a465
082 _a025.3
_bSh 23 C
100 _aSharp, Henry A.
245 0 _aCataloguing /
_cHenry A Sharp.
_hTextual Documents
250 _a1st ed /
260 _aLondon :
_bGrafton ,
_c1948.
300 _axiv,388 p ;
_c23 cm.
653 _aLibrary Science
942 _2ddc
_cBK
999 _c47665
_d47665